000 00383cam a2200157ua 4500
041 _aeng
_h
082 _a828.09
_bFRE/ED
100 _aFreeman, Rosemary .
245 _aEdmund Spenser /
_cRosemary Freeman.
_hTextual Documents
250 _a1 /
_b.
260 _aLondon :
_bLongman Green and Co ,
_c1962.
300 _a38 ; .
504 _a
942 _cBK
999 _c6692
_d6692